000 00628nam a22002417a 4500
001 BR6009135
003 BR-BrBNA
005 20230928083317.0
007 ta
008 230509b bl.||||| |||| 00| 0 por d
040 _aBR-BrBNA
_bpor
_cBiblioteca Nacional de Agricultura
041 _a(Por)
072 _aE10
_b/G514
090 _ E10 BR6009135
100 1 _aSchlesinger, H.
245 1 _aEnciclopedia da industria brasileira
260 3 _aSao Paulo, SP (Brasil):
_bBrasiliense,
_c1959.
300 _av. 1-5
650 _aMacroeconomia
650 _aIndustria
909 _a202309
_bLucia
_c55
_dLucia Elande
942 _cBK
999 _c12726
_d12726